| 000 | 00709cam a22002413a 4500 | ||
|---|---|---|---|
| 001 | 1487 | ||
| 003 | PGUSA | ||
| 005 | 20140828083001.0 | ||
| 008 | 981001s1998||||xxu|||||s|||||000 | eng d | ||
| 040 |
_aPGUSA _beng |
||
| 042 | _adc | ||
| 050 | 4 | _aMT | |
| 100 | 1 |
_aShaw, Bernard, _d1856-1950 |
|
| 245 | 1 | 4 |
_aThe Perfect Wagnerite : _bA Commentary on the Niblung's Ring _h[electronic resource] / _cBernard Shaw |
| 260 |
_bProject Gutenberg, _c1998 |
||
| 506 | _aPublic domain in the USA. | ||
| 516 | _aElectronic text | ||
| 653 | _aWagner, Richard, 1813-1883. Ring des Nibelungen | ||
| 653 | _aOpera | ||
| 830 | 0 |
_aProject Gutenberg _v1487 |
|
| 856 | 4 | 0 | _uhttp://www.gutenberg.org/ebooks/1487 |
| 942 | _cEB | ||
| 999 |
_c230835 _d230835 |
||